Country Shapes Drawn from Memory #2 - Statistics

General Stats
  • This quiz has been taken 76 times
  • The average score is 7 of 10
Answer Stats
Picture Answer % Correct
New Zealand
94%
Spain
90%
Eritrea
83%
Panama
83%
Egypt
81%
Nepal
75%
Malaysia
73%
Netherlands
35%
Guyana
25%
Tajikistan
24%
No matching quizzes found
Score Distribution
Percent of People with Each Score
Percentile by Number Answered
Your Score History
You have not taken this quiz